000 00935cam a22003014a 4500
999 _c9659
_d9659
001 9659
003 BD-JhCC
005 20180321185249.0
008 180321s2006 enkab j 001 0 eng
020 _a0756614112 (hardcover)
035 _a(BD-JhCC)9659
040 _aDLC
_cDLC
_dDLC
_dBD-JhCC
041 _aeng
050 0 0 _aTL547
_b.P54 2006
082 0 0 _a629.1309
_222
_bPLA 2006
100 1 _aPlatt, Richard.
245 1 0 _aExperience flight /
_cwritten by Richard Platt.
250 _a1st American ed.
260 _aLondon ;
_aNew York :
_bDK,
_c2006.
300 _a71 p. :
_bill. (some col.), col. map ;
_c31 cm.
500 _aIncludes index.
500 _aPoster tipped in p. [4] cover.
650 0 _aAeronautics
_xHistory
_vJuvenile literature.
650 0 _aFlight
_vJuvenile literature.
856 4 1 _3Table of contents only
_uhttp://www.loc.gov/catdir/toc/ecip064/2005032694.html
942 _2ddc
_cBK